000
00319nam a22001337a 4500
008
180927b xxu||||| |||| 00| 0 eng d
020
_a
9780609800690
041
_a
eng
080
_a
610
100
_a
4
101
_a
SHM
245
_a
The PDR Family Guide Encyclopedia of Medical Care
_c
Sifton, D.W
942
_2
udc
_c
BK
999
_c
48583
_d
48583